[Event "Vladimir Dvorkovich Mem 2014"]
[Site "Taganrog RUS"]
[Date "2014.01.19"]
[Round "2.35"]
[White "Krivochkin, Ilya"]
[Black "Becker, Max"]
[Result "1/2-1/2"]
[WhiteElo "1936"]
[BlackElo "2211"]
[PlyCount "127"]
[EventDate "2014.01.18"]
[EventType "swiss"]
[EventRounds "9"]
[EventCountry "RUS"]
[Source "Mark Crowther"]
[SourceDate "2014.01.27"]

1. b3 Nf6 2. Bb2 e6 3. e3 Be7 4. f4 O-O 5. Nf3 b6 6. Be2 Bb7 7. O-O d6 8. Qe1
Nfd7 9. d3 Bf6 10. Bxf6 Qxf6 11. Qc3 Qd8 12. Nfd2 c5 13. Bf3 Nc6 14. Ne4 Qc7
15. a4 d5 16. Ng3 d4 17. Qd2 dxe3 18. Qxe3 Rad8 19. Na3 a6 20. Rae1 Nf6 21. Qd2
Nd5 22. Nc4 b5 23. axb5 axb5 24. Ne5 Nd4 25. Be4 f6 26. Nf3 Nxf3+ 27. Bxf3 c4
28. bxc4 bxc4 29. Be4 f5 30. Bxd5 Bxd5 31. Qe3 cxd3 32. cxd3 Rb8 33. Rc1 Qb7
34. Rf2 Rfc8 35. Rfc2 Rxc2 36. Rxc2 Qb3 37. Qd2 Qa3 38. Qe2 Qa4 39. Qf2 h6 40.
h3 Kh7 41. Rd2 Rb4 42. d4 Rb1+ 43. Kh2 Qa1 44. Re2 Qc3 45. Rc2 Qe1 46. Qxe1
Rxe1 47. Rd2 g5 48. fxg5 hxg5 49. Ne2 Kg6 50. Nc3 f4 51. Re2 Rxe2 52. Nxe2 Kf5
53. Kg1 Ke4 54. Kf2 Bc6 55. g3 Be8 56. Ng1 fxg3+ 57. Kxg3 Bh5 58. h4 gxh4+ 59.
Kxh4 Bd1 60. Kg3 Kxd4 61. Kf2 Kd3 62. Nh3 Kd2 63. Ng5 e5 64. Ne4+ 1/2-1/2

[Event "Vladimir Dvorkovich Mem 2014"]
[Site "Taganrog RUS"]
[Date "2014.01.19"]
[Round "2.36"]
[White "Sukhareva, E."]
[Black "Babkin, Anatoliy"]
[Result "1-0"]
[WhiteElo "2203"]
[BlackElo "1836"]
[PlyCount "42"]
[EventDate "2014.01.18"]
[EventType "swiss"]
[EventRounds "9"]
[EventCountry "RUS"]
[Source "Mark Crowther"]
[SourceDate "2014.01.27"]

1. d4 d5 2. Nf3 Nf6 3. c4 c6 4. Qc2 g6 5. e3 Bg7 6. Bd3 O-O 7. Nbd2 Nbd7 8. b3
Re8 9. Bb2 a6 10. O-O e6 11. c5 Qc7 12. Rfe1 Qd8 13. Rac1 Qe7 14. b4 h6 15. Ne5
h5 16. f4 Nf8 17. h3 Bd7 18. Ndf3 Rec8 19. g4 Be8 20. Kg2 N8d7 21. Rg1 Rab8 1-0

[Event "Vladimir Dvorkovich Mem 2014"]
[Site "Taganrog RUS"]
[Date "2014.01.19"]
[Round "2.37"]
[White "Pligin, G."]
[Black "Frolov, Andrey"]
[Result "1/2-1/2"]
[WhiteElo "1928"]
[BlackElo "2164"]
[PlyCount "101"]
[EventDate "2014.01.18"]
[EventType "swiss"]
[EventRounds "9"]
[EventCountry "RUS"]
[Source "Mark Crowther"]
[SourceDate "2014.01.27"]

1. d4 Nf6 2. c4 g6 3. Nc3 Bg7 4. Nf3 d6 5. e4 O-O 6. Be2 Nbd7 7. O-O e5 8. dxe5
dxe5 9. Bg5 h6 10. Bh4 c6 11. Qc2 Qe7 12. Rfd1 g5 13. Bg3 Nh5 14. Rd2 Nxg3 15.
hxg3 Nc5 16. b4 Ne6 17. a3 Nd4 18. Qd1 a5 19. b5 Be6 20. Rb2 Rfd8 21. Qa4 Qf6
22. Re1 Bf8 23. Nb1 Bc5 24. Bd1 cxb5 25. cxb5 b6 26. Nh2 Qe7 27. Ng4 Bxg4 28.
Bxg4 Ne6 29. Bxe6 Qxe6 30. Qc2 Rac8 31. Qe2 Bd4 32. Rd2 Qb3 33. Red1 Rc5 34.
Rd3 Qxb5 35. Kh2 Qc6 36. Nd2 Rc2 37. Qh5 Rd6 38. Nf3 Qxe4 39. Re3 Qf5 40. Rxd4
exd4 41. Re8+ Kg7 42. Re7 Rxf2 43. Ne5 Rf6 44. Ng4 Qd5 45. Qh3 Qd6 46. Re8 Qd7
47. Rg8+ Kxg8 48. Nxf6+ Rxf6 49. Qxd7 Kg7 50. Qxd4 Kg6 51. Qd3+ 1/2-1/2

[Event "Vladimir Dvorkovich Mem 2014"]
[Site "Taganrog RUS"]
[Date "2014.01.19"]
[Round "2.39"]
[White "Potemkin, Evgeny"]
[Black "Kostrikina, A."]
[Result "0-1"]
[WhiteElo "1841"]
[BlackElo "2141"]
[PlyCount "112"]
[EventDate "2014.01.18"]
[EventType "swiss"]
[EventRounds "9"]
[EventCountry "RUS"]
[Source "Mark Crowther"]
[SourceDate "2014.01.27"]

1. e4 c5 2. g3 Nc6 3. c3 d5 4. Bg2 Nf6 5. exd5 Nxd5 6. Nf3 e6 7. O-O Be7 8. d4
O-O 9. Ne5 cxd4 10. Nxc6 bxc6 11. Qxd4 Bf6 12. Qa4 Qb6 13. Nd2 Ba6 14. Re1 Bd3
15. Nc4 Qc5 16. Ne3 Rab8 17. Ng4 Be7 18. Ne5 Bb5 19. Qc2 Rbd8 20. a4 Ba6 21.
Bd2 f6 22. Nf3 e5 23. Rac1 Rfe8 24. b4 Qb6 25. Nh4 Bf8 26. Be4 h6 27. Bh7+ Kh8
28. Bg6 Re7 29. Bh5 Red7 30. Ng6+ Kg8 31. Bg4 Rd6 32. Nxf8 Rxf8 33. Bxh6 gxh6
34. Qg6+ Kh8 35. Qxh6+ Kg8 36. Bf5 Qc7 37. Re4 Nf4 38. gxf4 Qg7+ 39. Qxg7+ Kxg7
40. fxe5 fxe5 41. Rg4+ Kh6 42. Be4 Be2 43. Rg3 Rdf6 44. Rg2 Bh5 45. Rc2 Rd8 46.
h3 Rd1+ 47. Kh2 Re1 48. Bd3 e4 49. Bc4 Bf3 50. Rg1 Rg6 51. Rxg6+ Kxg6 52. Be6
Kg5 53. Bg4 Rh1+ 54. Kg3 Rg1+ 55. Kh2 Rg2+ 56. Kh1 Rxg4+ 0-1

[Event "Vladimir Dvorkovich Mem 2014"]
[Site "Taganrog RUS"]
[Date "2014.01.20"]
[Round "3.8"]
[White "Kornyukov, A."]
[Black "Kokarev, Dm"]
[Result "0-1"]
[WhiteElo "2437"]
[BlackElo "2625"]
[PlyCount "112"]
[EventDate "2014.01.18"]
[EventType "swiss"]
[EventRounds "9"]
[EventCountry "RUS"]
[Source "Mark Crowther"]
[SourceDate "2014.01.27"]

1. d4 Nf6 2. c4 g6 3. f3 c5 4. d5 Bg7 5. e4 O-O 6. Nc3 d6 7. Bg5 e6 8. Qd2 h6
9. Be3 exd5 10. cxd5 h5 11. a4 Na6 12. Bc4 Nb4 13. Nge2 Nd7 14. O-O Ne5 15. Bb3
b6 16. Na2 Nxa2 17. Rxa2 Ba6 18. Rd1 Qd7 19. Nc3 f5 20. exf5 Rxf5 21. Kh1 Re8
22. Bh6 Nc4 23. Qc1 Bxh6 24. Qxh6 Qg7 25. Qxg7+ Kxg7 26. Bxc4 Bxc4 27. Raa1 a6
28. Kg1 g5 29. Ne4 Rxd5 30. Rxd5 Bxd5 31. Nxg5 Bc4 32. a5 Rb8 33. Rd1 d5 34.
Ne6+ Kf7 35. Nc7 bxa5 36. Nxd5 Rxb2 37. Nc3 Rc2 38. Ne4 Bb5 39. Rd5 a4 40. Rxc5
Rxc5 41. Nxc5 a3 42. Nb3 Ke6 43. Kf2 Kd5 44. Ke3 Kc4 45. Nc1 Kc3 46. h4 Kb2 47.
Kd2 a2 48. Nxa2 Kxa2 49. Kc3 a5 50. g4 hxg4 51. fxg4 Be2 52. g5 Bh5 53. Kc2 a4
54. Kc3 a3 55. Kc2 Be8 56. Kc1 Bg6 0-1

[Event "Vladimir Dvorkovich Mem 2014"]
[Site "Taganrog RUS"]
[Date "2014.01.20"]
[Round "3.9"]
[White "Yuzhakov, O."]
[Black "Bocharov, D."]
[Result "0-1"]
[WhiteElo "2345"]
[BlackElo "2602"]
[PlyCount "61"]
[EventDate "2014.01.18"]
[EventType "swiss"]
[EventRounds "9"]
[EventCountry "RUS"]
[Source "Mark Crowther"]
[SourceDate "2014.01.27"]

1. e4 g6 2. d4 Bg7 3. Nf3 d6 4. Nc3 a6 5. Be3 b5 6. Bd3 Bb7 7. Qd2 Nd7 8. a4 b4
9. Ne2 c5 10. c3 Ngf6 11. Ng3 h5 12. e5 bxc3 13. bxc3 cxd4 14. exf6 dxe3 15.
Qb2 Bxf6 16. Qxb7 Bxc3+ 17. Ke2 Bxa1 18. Rxa1 exf2 19. Bxa6 Rb8 20. Qd5 O-O 21.
Bb5 Nf6 22. Qg5 Rc8 23. Rd1 Qb6 24. Nf5 Rc5 25. Nxe7+ Kg7 26. Qe3 Qc7 27. Kf1
Rb8 28. Nd4 Ng4 29. Ne6+ fxe6 30. Qxe6 Rg5 31. h3 0-1

[Event "Vladimir Dvorkovich Mem 2014"]
[Site "Taganrog RUS"]
[Date "2014.01.20"]
[Round "3.10"]
[White "Bukavshin, I."]
[Black "Kharchenko, B."]
[Result "1-0"]
[WhiteElo "2578"]
[BlackElo "2494"]
[PlyCount "105"]
[EventDate "2014.01.18"]
[EventType "swiss"]
[EventRounds "9"]
[EventCountry "RUS"]
[Source "Mark Crowther"]
[SourceDate "2014.01.27"]

1. d4 d5 2. c4 c6 3. Nc3 Nf6 4. e3 g6 5. Nf3 Bg7 6. Be2 O-O 7. O-O dxc4 8. Bxc4
Bg4 9. Be2 Nbd7 10. e4 Bxf3 11. Bxf3 e5 12. dxe5 Nxe5 13. Be2 Qe7 14. Qc2 Rfe8
15. Kh1 Ned7 16. f3 Rad8 17. Be3 Nc5 18. Rad1 a6 19. g3 Ne6 20. f4 Rxd1 21.
Rxd1 Nc7 22. Bf3 Nb5 23. e5 Nxc3 24. Qxc3 Nd5 25. Bxd5 cxd5 26. Qb3 f6 27.
Qxd5+ Qf7 28. Qxf7+ Kxf7 29. Rd7+ Re7 30. Rxe7+ Kxe7 31. exf6+ Bxf6 32. b3 Kd6
33. Kg2 Kd5 34. Kf3 h5 35. Bb6 Kc6 36. Bf2 Kd5 37. h3 b5 38. Be1 Kd4 39. f5 g5
40. g4 h4 41. Ke2 Ke4 42. Ba5 Kf4 43. Kd3 Kg3 44. Bc3 Bd8 45. Ke4 Kxh3 46. Kf3
Kh2 47. Bd4 b4 48. f6 h3 49. f7 Be7 50. Kf2 Bf8 51. Be5+ Kh1 52. Kg3 h2 53. Kf2
1-0

[Event "Vladimir Dvorkovich Mem 2014"]
[Site "Taganrog RUS"]
[Date "2014.01.20"]
[Round "3.11"]
[White "Lugovskoy, M."]
[Black "Gabrielian, A."]
[Result "1/2-1/2"]
[WhiteElo "2386"]
[BlackElo "2555"]
[PlyCount "80"]
[EventDate "2014.01.18"]
[EventType "swiss"]
[EventRounds "9"]
[EventCountry "RUS"]
[Source "Mark Crowther"]
[SourceDate "2014.01.27"]

1. e4 c5 2. Nf3 e6 3. c3 d5 4. exd5 Qxd5 5. d4 Nf6 6. Bd3 Be7 7. O-O O-O 8. Qc2
Nc6 9. dxc5 Qxc5 10. Nbd2 Bd7 11. Ne4 Nxe4 12. Bxe4 h6 13. Be3 Qh5 14. Rad1
Rfd8 15. Nd4 Bd6 16. h3 Bc7 17. Nxc6 Bxc6 18. Bxc6 bxc6 19. Qa4 Qe2 20. Rb1 Qb5
21. Qxb5 cxb5 22. Rfd1 a6 23. Bc5 f5 24. Be7 Rd5 25. Rxd5 exd5 26. Bc5 Kf7 27.
Kf1 Re8 28. Rd1 Ke6 29. a4 bxa4 30. Ra1 a5 31. Rxa4 Kd7 32. Bd4 g5 33. b4 axb4
34. Rxb4 h5 35. Ra4 g4 36. Ra6 Re6 37. Ra8 Re8 38. Ra6 Re6 39. Ra8 Re8 40. Ra6
Re6 1/2-1/2

[Event "Vladimir Dvorkovich Mem 2014"]
[Site "Taganrog RUS"]
[Date "2014.01.20"]
[Round "3.12"]
[White "Papin, V."]
[Black "Zakharov, AI."]
[Result "1-0"]
[WhiteElo "2510"]
[BlackElo "2324"]
[PlyCount "67"]
[EventDate "2014.01.18"]
[EventType "swiss"]
[EventRounds "9"]
[EventCountry "RUS"]
[Source "Mark Crowther"]
[SourceDate "2014.01.27"]

1. c4 Nf6 2. g3 c6 3. Bg2 d5 4. Nf3 Bg4 5. Ne5 Be6 6. cxd5 Bxd5 7. Nf3 e5 8.
O-O e4 9. Ne1 Bc5 10. Nc3 O-O 11. d3 exd3 12. Nxd5 Nxd5 13. Nxd3 Bb6 14. Qc2
Na6 15. a3 Re8 16. b4 Qe7 17. b5 Nac7 18. e4 Nf6 19. e5 Nfd5 20. bxc6 bxc6 21.
Qxc6 Rad8 22. Ra2 Qe6 23. Qxe6 Nxe6 24. Nb4 Nc3 25. Rd2 Nd4 26. Kh1 Rxe5 27.
Bb2 Rc5 28. Na6 Rc4 29. Rc1 Ba5 30. Nb4 Rdc8 31. Bf1 Nb3 32. Bxc4 Nxc1 33. Ba6
Nb3 34. Bxc8 1-0

[Event "Vladimir Dvorkovich Mem 2014"]
[Site "Taganrog RUS"]
[Date "2014.01.20"]
[Round "3.15"]
[White "Volkov, Sergey1"]
[Black "Golubov, Saveliy"]
[Result "1/2-1/2"]
[WhiteElo "2623"]
[BlackElo "2307"]
[PlyCount "88"]
[EventDate "2014.01.18"]
[EventType "swiss"]
[EventRounds "9"]
[EventCountry "RUS"]
[Source "Mark Crowther"]
[SourceDate "2014.01.27"]

1. d4 Nf6 2. c4 e6 3. Nf3 d5 4. Nc3 Be7 5. Bg5 O-O 6. e3 h6 7. Bxf6 Bxf6 8. Qb3
c6 9. Rd1 Nd7 10. Be2 a6 11. a4 Qb6 12. Qc2 dxc4 13. Bxc4 Qb4 14. Ba2 c5 15.
O-O cxd4 16. exd4 Rd8 17. Ne4 Be7 18. d5 exd5 19. Nc3 Nf6 20. Nxd5 Nxd5 21.
Bxd5 Bf6 22. Rfe1 Be6 23. Bxe6 fxe6 24. b3 Qb6 25. Qc4 Kf7 26. Rxd8 Rxd8 27. h4
Qd6 28. Rc1 Rd7 29. b4 Bd8 30. Qe2 Bf6 31. b5 axb5 32. Qxb5 Qd5 33. Qb1 Qf5 34.
Qb4 Be7 35. Qc4 Bf6 36. Qc8 Qd5 37. Qb8 Ke7 38. Qf4 Qf5 39. Qb4+ Kf7 40. Rc5
Qd3 41. Rb5 Kg8 42. Qg4 Qd6 43. Rb1 Qd5 44. Re1 Kf7 1/2-1/2

[Event "Vladimir Dvorkovich Mem 2014"]
[Site "Taganrog RUS"]
[Date "2014.01.20"]
[Round "3.16"]
[White "Pasiev, R."]
[Black "Davletbayeva, M."]
[Result "1/2-1/2"]
[WhiteElo "2405"]
[BlackElo "2286"]
[PlyCount "99"]
[EventDate "2014.01.18"]
[EventType "swiss"]
[EventRounds "9"]
[EventCountry "RUS"]
[Source "Mark Crowther"]
[SourceDate "2014.01.27"]

1. e4 e5 2. Nf3 Nc6 3. Nc3 Nf6 4. Bb5 Nd4 5. Bc4 Bc5 6. d3 d6 7. Nxd4 Bxd4 8.
Be3 Be6 9. Bxd4 exd4 10. Ne2 d5 11. exd5 Bxd5 12. O-O O-O 13. Bxd5 Qxd5 14. Nf4
Qb5 15. Qd2 Qg5 16. g3 Qb5 17. Rfe1 Rfe8 18. c4 Qc6 19. h3 h6 20. b4 Qf3 21.
Rxe8+ Rxe8 22. Re1 Rxe1+ 23. Qxe1 g5 24. Qe2 Qc6 25. Nh5 Nxh5 26. Qxh5 Kg7 27.
Qg4 Qd6 28. h4 Qe5 29. hxg5 hxg5 30. Kg2 f6 31. Kf3 Qd6 32. a3 b6 33. Qe4 a5
34. Kg4 axb4 35. axb4 Qxb4 36. Qxd4 Qe7 37. Qd5 Qe2+ 38. f3 Qe7 39. d4 Qe8 40.
Qf5 Qe7 41. d5 Qe8 42. Kh3 Qe7 43. Qc8 Qc5 44. Qd7+ Kg6 45. Qe8+ Kg7 46. Qe4
Qd6 47. f4 Qd7+ 48. f5 Qd6 49. Kg4 Qd7 50. Kf3 1/2-1/2

[Event "Vladimir Dvorkovich Mem 2014"]
[Site "Taganrog RUS"]
[Date "2014.01.20"]
[Round "3.17"]
[White "Mikhailov, Se1"]
[Black "Guseva, Marina"]
[Result "1/2-1/2"]
[WhiteElo "2327"]
[BlackElo "2388"]
[PlyCount "102"]
[EventDate "2014.01.18"]
[EventType "swiss"]
[EventRounds "9"]
[EventCountry "RUS"]
[Source "Mark Crowther"]
[SourceDate "2014.01.27"]

1. Nf3 d5 2. d4 Nf6 3. c4 c6 4. cxd5 cxd5 5. Nc3 Nc6 6. Bf4 e6 7. e3 Bd6 8. Bg3
Bxg3 9. hxg3 Qd6 10. Be2 Bd7 11. Rc1 O-O 12. O-O Rad8 13. Qc2 g6 14. Rfd1 Kg7
15. a3 Ng4 16. e4 f6 17. b4 Rc8 18. Qb2 Ne7 19. exd5 exd5 20. Nb5 Bxb5 21. Bxb5
Nf5 22. Bd3 Qd7 23. Qb3 Ne7 24. Rc5 b6 25. Rcc1 Rxc1 26. Rxc1 Rc8 27. Qd1 Nh6
28. Rxc8 Qxc8 29. Qc2 Qd7 30. Nd2 Nhf5 31. Qc3 Nd6 32. f3 Qc6 33. Nb1 Nc4 34.
Kf2 b5 35. g4 Qb6 36. Bxc4 dxc4 37. Qd2 Nc6 38. Ke3 Ne5 39. Nc3 Nd3 40. Qe2 Qd6
41. Kd2 Qxd4 42. Qe7+ Kg8 43. Qe8+ Kg7 44. Qe7+ Kh6 45. Qf8+ Kg5 46. Ne4+ Kf4
47. Qxf6+ Qxf6 48. Nxf6 h6 49. Ne4 h5 50. gxh5 gxh5 51. Ke2 a6 1/2-1/2

[Event "Vladimir Dvorkovich Mem 2014"]
[Site "Taganrog RUS"]
[Date "2014.01.20"]
[Round "3.18"]
[White "Rjabzev, K."]
[Black "Yuffa, D."]
[Result "1-0"]
[WhiteElo "2304"]
[BlackElo "2373"]
[PlyCount "119"]
[EventDate "2014.01.18"]
[EventType "swiss"]
[EventRounds "9"]
[EventCountry "RUS"]
[Source "Mark Crowther"]
[SourceDate "2014.01.27"]

1. e4 c5 2. Nf3 Nc6 3. Bb5 e6 4. O-O Nge7 5. Re1 a6 6. Bf1 Ng6 7. d4 cxd4 8.
Nxd4 Qc7 9. Nxc6 bxc6 10. Nd2 Be7 11. Qh5 O-O 12. Nf3 f6 13. e5 f5 14. Bg5 c5
15. Nh4 Qd8 16. Nxg6 hxg6 17. Bxe7 gxh5 18. Bxd8 Rxd8 19. Rad1 Bb7 20. Rd6 Bc6
21. Re3 Bb5 22. Rc3 Rdc8 23. f4 Rc7 24. b3 Kf7 25. Rb6 Bxf1 26. Kxf1 Raa7 27.
Ke2 h4 28. Rc4 Ra8 29. Ra4 Rca7 30. Ra5 c4 31. b4 g5 32. fxg5 Rg8 33. Rbxa6 Rb7
34. b5 Rxg5 35. Kf3 Ke7 36. b6 f4 37. Rb5 h3 38. gxh3 Rh5 39. Ra7 Rb8 40. b7
Rxh3+ 41. Kg2 Rhh8 42. h4 d6 43. Ra8 Rxa8 44. bxa8=Q Rxa8 45. Rb7+ Ke8 46. h5
Rxa2 47. h6 Rxc2+ 48. Kf3 Rh2 49. h7 dxe5 50. h8=Q+ Rxh8 51. Rb8+ Kd7 52. Rxh8
Kd6 53. Ke4 Kc5 54. Rh5 Kb4 55. Rxe5 Kc3 56. Rxe6 Kd2 57. Rd6+ Ke2 58. Ra6 f3
59. Ra2+ Kd1 60. Rf2 1-0

[Event "Vladimir Dvorkovich Mem 2014"]
[Site "Taganrog RUS"]
[Date "2014.01.20"]
[Round "3.19"]
[White "Vastrukhin, O."]
[Black "Kudelya, I."]
[Result "1-0"]
[WhiteElo "2370"]
[BlackElo "2232"]
[PlyCount "101"]
[EventDate "2014.01.18"]
[EventType "swiss"]
[EventRounds "9"]
[EventCountry "RUS"]
[Source "Mark Crowther"]
[SourceDate "2014.01.27"]

1. g3 Nf6 2. Bg2 d5 3. Nf3 g6 4. c4 Bg7 5. O-O O-O 6. d3 dxc4 7. dxc4 Qxd1 8.
Rxd1 c6 9. Be3 Na6 10. Nc3 Be6 11. b3 Ng4 12. Bd4 Rad8 13. h3 Nh6 14. Rac1 Bxd4
15. Nxd4 Bc8 16. a3 Nf5 17. Nxf5 Bxf5 18. b4 Nc7 19. Ne4 Bc8 20. Nc5 Ne6 21.
Nxe6 Bxe6 22. c5 a6 23. f4 Bb3 24. Rxd8 Rxd8 25. Rc3 Rd1+ 26. Kf2 Be6 27. Rd3
Rxd3 28. exd3 Bb3 29. g4 f6 30. h4 Kf7 31. Ke3 Ke6 32. Be4 Kf7 33. g5 Ke6 34.
Bg2 Kf7 35. Bf3 Ke6 36. Bg4+ f5 37. Bf3 Kd7 38. Kd4 Ke6 39. Be2 Ba4 40. Kc3 Kd7
41. h5 Ke6 42. h6 Kf7 43. Bf3 Ke6 44. d4 Bb5 45. d5+ Kf7 46. Kd4 Ba4 47. Ke5
Bb5 48. d6 Ke8 49. Bh5 exd6+ 50. cxd6 Kf7 51. Bxg6+ 1-0

[Event "Vladimir Dvorkovich Mem 2014"]
[Site "Taganrog RUS"]
[Date "2014.01.20"]
[Round "3.20"]
[White "Travkina, A."]
[Black "Musalov, R."]
[Result "0-1"]
[WhiteElo "2227"]
[BlackElo "2365"]
[PlyCount "102"]
[EventDate "2014.01.18"]
[EventType "swiss"]
[EventRounds "9"]
[EventCountry "RUS"]
[Source "Mark Crowther"]
[SourceDate "2014.01.27"]

1. e4 e5 2. Nf3 Nc6 3. Bb5 Nf6 4. O-O Nxe4 5. d4 Nd6 6. dxe5 Nxb5 7. a4 Nbd4 8.
Nxd4 d6 9. Nxc6 bxc6 10. exd6 Bxd6 11. Qh5 O-O 12. Nc3 f5 13. Re1 Qf6 14. Bg5
Qf7 15. Qxf7+ Kxf7 16. Ne2 Re8 17. Be3 Re4 18. Nc3 Rc4 19. Bd2 Ba6 20. g3 Rd8
21. Rad1 Bb4 22. Be3 Rxd1 23. Rxd1 Bxc3 24. bxc3 Rxa4 25. Bxa7 Be2 26. Re1 Bf3
27. Bb8 Ra2 28. Bxc7 Rxc2 29. Be5 g5 30. h3 h5 31. Bd4 g4 32. Kh2 Be4 33. h4
Ke6 34. Kg1 Kd5 35. Bf6 c5 36. Kf1 Kc4 37. Be5 Bd3+ 38. Kg2 Be2 39. Kg1 Kd3 40.
Kg2 Kd2 41. Ra1 Bd3 42. Bf6 Ke2 43. Be5 Be4+ 44. Kg1 Bd3 45. Bc7 Kf3 46. Rd1
Bc4 47. Bd6 Rxf2 48. Bxc5 Rg2+ 49. Kh1 Kxg3 50. Re1 Bd5 51. Bd6+ Kh3 0-1

[Event "Vladimir Dvorkovich Mem 2014"]
[Site "Taganrog RUS"]
[Date "2014.01.20"]
[Round "3.21"]
[White "Dauletova, G."]
[Black "Charochkina, D."]
[Result "1-0"]
[WhiteElo "2218"]
[BlackElo "2359"]
[PlyCount "95"]
[EventDate "2014.01.18"]
[EventType "swiss"]
[EventRounds "9"]
[EventCountry "RUS"]
[Source "Mark Crowther"]
[SourceDate "2014.01.27"]

1. e4 c5 2. Nf3 d6 3. Bb5+ Nc6 4. O-O Bd7 5. Re1 Nf6 6. c3 a6 7. Bf1 Bg4 8. h3
Bxf3 9. Qxf3 e6 10. Qd1 d5 11. e5 Nd7 12. d4 cxd4 13. cxd4 Qb6 14. Be3 Qxb2 15.
Nd2 Bb4 16. Rb1 Qa3 17. Qg4 g6 18. Rec1 O-O 19. Nf3 f5 20. exf6 Rxf6 21. Ne5
Ndxe5 22. dxe5 Rf5 23. Rxc6 bxc6 24. Rxb4 Raf8 25. Rb7 R8f7 26. Rb8+ Rf8 27.
Rb7 R8f7 28. Rxf7 Kxf7 29. Qh4 h5 30. Qd8 Qe7 31. Qc8 Rxe5 32. Qxc6 Qd8 33.
Qb7+ Qe7 34. Qxa6 Re4 35. Qc6 Qa3 36. Qd7+ Kf6 37. Qd8+ Kf7 38. Qc7+ Kf6 39.
Bh6 e5 40. Qg7+ Ke6 41. Qxg6+ Kd7 42. Bb5+ Kc7 43. Qc6+ Kb8 44. Qb6+ Kc8 45.
Ba6+ Kd7 46. Qb7+ Ke6 47. Qc7 Kf6 48. Qg7+ 1-0

[Event "Vladimir Dvorkovich Mem 2014"]
[Site "Taganrog RUS"]
[Date "2014.01.20"]
[Round "3.22"]
[White "Gorkavij, V."]
[Black "Sukhareva, E."]
[Result "1-0"]
[WhiteElo "2354"]
[BlackElo "2203"]
[PlyCount "99"]
[EventDate "2014.01.18"]
[EventType "swiss"]
[EventRounds "9"]
[EventCountry "RUS"]
[Source "Mark Crowther"]
[SourceDate "2014.01.27"]

1. d4 Nf6 2. c4 e6 3. Nf3 c5 4. d5 exd5 5. cxd5 d6 6. Nc3 g6 7. e4 Bg7 8. h3
O-O 9. Bd3 a6 10. a4 b6 11. O-O Nbd7 12. Bf4 Ne8 13. Bh2 Qe7 14. Re1 Ne5 15.
Bf1 Nxf3+ 16. Qxf3 Be5 17. Qd3 Bxh2+ 18. Kxh2 Qg5 19. g3 Qh6 20. Qe3 Qg7 21. f4
f6 22. Bg2 Ra7 23. a5 b5 24. e5 fxe5 25. fxe5 Qxe5 26. Qxe5 dxe5 27. Ne4 c4 28.
Rad1 Bf5 29. Nc5 Bd3 30. Rxe5 Nd6 31. Re6 Rd8 32. Nxd3 cxd3 33. Rxd3 Rc7 34.
Rc3 Rxc3 35. bxc3 Kf7 36. Kg1 Rd7 37. Kf2 Rd8 38. h4 Rd7 39. Bh3 Rd8 40. Bg2
Rd7 41. g4 Rd8 42. Kg3 Rd7 43. Kf4 Rd8 44. Bf1 Kf8 45. Ke5 Nf7+ 46. Kd4 Rd6 47.
Kc5 Rxe6 48. dxe6 Nd8 49. Kb6 Nxe6 50. Bxb5 1-0

[Event "Vladimir Dvorkovich Mem 2014"]
[Site "Taganrog RUS"]
[Date "2014.01.20"]
[Round "3.23"]
[White "Rozhko, D."]
[Black "Nazaretyan, Tigran"]
[Result "1/2-1/2"]
[WhiteElo "2354"]
[BlackElo "2149"]
[PlyCount "84"]
[EventDate "2014.01.18"]
[EventType "swiss"]
[EventRounds "9"]
[EventCountry "RUS"]
[Source "Mark Crowther"]
[SourceDate "2014.01.27"]

1. d4 e6 2. Nf3 f5 3. c4 Nf6 4. g3 d6 5. Bg2 Be7 6. O-O O-O 7. Nc3 Qe8 8. Qc2
Qg6 9. Bg5 e5 10. dxe5 dxe5 11. Bxf6 Bxf6 12. Nd5 Qf7 13. e4 f4 14. gxf4 exf4
15. e5 Bd8 16. Nd4 c6 17. Rfe1 Qh5 18. e6 cxd5 19. e7 Bxe7 20. Rxe7 Nc6 21.
Bxd5+ Kh8 22. Nxc6 bxc6 23. Bxc6 Bf5 24. Be4 Qg5+ 25. Kh1 Qxe7 26. Bxf5 Rae8
27. f3 Qh4 28. Be4 Rd8 29. c5 Rc8 30. c6 Qh6 31. b4 Rfd8 32. b5 Qd6 33. Bxh7
Qd5 34. Be4 Qxb5 35. Qg2 Rxc6 36. Bxc6 Qxc6 37. Rg1 Qf6 38. a4 Re8 39. Qg5 Qf7
40. Qg6 Kg8 41. Qxf7+ Kxf7 42. Kg2 Re2+ 1/2-1/2

[Event "Vladimir Dvorkovich Mem 2014"]
[Site "Taganrog RUS"]
[Date "2014.01.20"]
[Round "3.24"]
[White "Kostrikina, A."]
[Black "Kotenko, P."]
[Result "0-1"]
[WhiteElo "2141"]
[BlackElo "2353"]
[PlyCount "90"]
[EventDate "2014.01.18"]
[EventType "swiss"]
[EventRounds "9"]
[EventCountry "RUS"]
[Source "Mark Crowther"]
[SourceDate "2014.01.27"]

1. e4 e5 2. Nc3 Nf6 3. Nf3 Nc6 4. d4 exd4 5. Nxd4 Bb4 6. Nxc6 bxc6 7. Bd3 d5 8.
exd5 cxd5 9. O-O O-O 10. h3 Rb8 11. Qf3 Bd6 12. Bg5 c6 13. Rab1 Re8 14. Bf4 Be6
15. Bxd6 Qxd6 16. b3 c5 17. Rbc1 Qb6 18. Bf5 d4 19. Bxe6 Qxe6 20. Na4 Ne4 21.
Qd3 Qc6 22. Rfe1 Ng5 23. Qc4 Rxe1+ 24. Rxe1 Ne6 25. f3 Qd6 26. Qe2 Rc8 27. Nb2
h6 28. Nc4 Qg3 29. Qf2 Qg6 30. Ne5 Qf5 31. Qe2 Nf4 32. Qf1 Qxc2 33. g3 Ng6 34.
Nc4 Rd8 35. Re2 Qf5 36. Rd2 Ne5 37. Kg2 Nxc4 38. Qxc4 Re8 39. b4 Re3 40. Rf2
Rc3 41. Qb5 d3 42. bxc5 Qxc5 43. Qe8+ Kh7 44. Rd2 Rc1 45. f4 f5 0-1

[Event "Vladimir Dvorkovich Mem 2014"]
[Site "Taganrog RUS"]
[Date "2014.01.20"]
[Round "3.25"]
[White "Saduakassova, D."]
[Black "Bykov, Egor"]
[Result "1-0"]
[WhiteElo "2348"]
[BlackElo "2089"]
[PlyCount "55"]
[EventDate "2014.01.18"]
[EventType "swiss"]
[EventRounds "9"]
[EventCountry "RUS"]
[Source "Mark Crowther"]
[SourceDate "2014.01.27"]

1. e4 e6 2. d4 d5 3. Nd2 dxe4 4. Nxe4 Nd7 5. Nf3 Ngf6 6. Bd3 c5 7. O-O cxd4 8.
Nxd4 Nxe4 9. Bxe4 Nf6 10. Bg5 Be7 11. Bf3 O-O 12. Re1 Qb6 13. Nb3 Rd8 14. Qe2
Bd7 15. Qe3 Bc6 16. Qxb6 axb6 17. Be2 h6 18. Bh4 Ra4 19. c4 Rda8 20. a3 g5 21.
Bg3 Nd7 22. Nd4 Bf6 23. Rad1 Ne5 24. Bxe5 Bxe5 25. Nxc6 bxc6 26. Bf3 Bxb2 27.
Bxc6 Bxa3 28. Ra1 1-0

[Event "Vladimir Dvorkovich Mem 2014"]
[Site "Taganrog RUS"]
[Date "2014.01.20"]
[Round "3.26"]
[White "Zhdanov, P."]
[Black "Korchmar, V."]
[Result "0-1"]
[WhiteElo "2010"]
[BlackElo "2346"]
[PlyCount "46"]
[EventDate "2014.01.18"]
[EventType "swiss"]
[EventRounds "9"]
[EventCountry "RUS"]
[Source "Mark Crowther"]
[SourceDate "2014.01.27"]

1. e4 c5 2. Nf3 e6 3. g3 Nc6 4. d4 cxd4 5. Nxd4 a6 6. Bg2 Nf6 7. O-O Qc7 8.
Nxc6 dxc6 9. a4 e5 10. b3 Bg4 11. Qe1 O-O-O 12. Bb2 h5 13. Qc3 h4 14. Nd2 hxg3
15. hxg3 Rh5 16. Nc4 Bc5 17. Qa5 Qxa5 18. Nxa5 Be2 19. Rfe1 Rd2 20. Rxe2 Rxe2
21. Bf3 Rxc2 22. Bxh5 Nxh5 23. b4 Ba7 0-1

[Event "Vladimir Dvorkovich Mem 2014"]
[Site "Taganrog RUS"]
[Date "2014.01.20"]
[Round "3.27"]
[White "Sobolevskiy, Anton"]
[Black "Pushkov, N."]
[Result "0-1"]
[WhiteElo "1773"]
[BlackElo "2344"]
[PlyCount "62"]
[EventDate "2014.01.18"]
[EventType "swiss"]
[EventRounds "9"]
[EventCountry "RUS"]
[Source "Mark Crowther"]
[SourceDate "2014.01.27"]

1. d4 Nf6 2. c4 e6 3. Nc3 Bb4 4. Nf3 d5 5. Bg5 h6 6. Bh4 Nbd7 7. e3 c5 8. cxd5
exd5 9. Qb3 Qa5 10. a3 Bxc3+ 11. Qxc3 Qxc3+ 12. bxc3 O-O 13. c4 dxc4 14. Bxf6
Nxf6 15. Bxc4 Bg4 16. Rb1 Bxf3 17. gxf3 cxd4 18. Rxb7 Rfc8 19. Be2 Rc1+ 20. Bd1
dxe3 21. fxe3 Rd8 22. Ke2 Nd5 23. Kd2 Ra1 24. Rxa7 Nf4+ 25. Kc2 Ng2 26. Re7 Kf8
27. Re4 Rxa3 28. Rg1 Nxe3+ 29. Kb2 Rad3 30. Bc2 Rb8+ 31. Kc1 Rc8 0-1